[Event "Keres Memorial-03"]
[Site "Tallinn"]
[Date "1981.03.24"]
[Round "13"]
[White "Vooremaa, Andres M"]
[Black "Ftacnik, Lubomir"]
[Result "0-1"]
[WhiteElo "2415"]
[BlackElo "2520"]
[Annotator "Gagarin,V"]
[PlyCount "80"]
[EventDate "1981.03.06"]
[EventType "tourn"]
[EventRounds "15"]
[EventCountry "URS"]
[EventCategory "9"]
[SourceTitle "MCL"]
[Source "ChessBase"]
[SourceDate "1999.07.01"]
[SourceVersion "1"]
[SourceVersionDate "1999.07.01"]
[SourceQuality "1"]

1. Nf3 Nf6 2. c4 c5 3. Nc3 e6 4. g3 b6 5. Bg2 Bb7 6. O-O Be7 7. b3 O-O 8. Bb2
a6 9. d4 cxd4 10. Qxd4 d6 11. e4 Nbd7 12. Rfd1 (12. h3 Qc7 (12... Qb8 13. Nd2
Bc6 14. a4 Re8 15. Kh2 Bf8 16. f4 $14 {Ljubojevic,L-Huebner,R/Bugojno/1978/1:0/
85/}) 13. Qe3 (13. Rac1 Rac8 14. Rfd1 Qb8 15. Nd2 Bc6 $13) 13... Rac8 14. Rac1
Qb8 15. Nd4 Rfe8 16. Rfe1 Bf8 $13) (12. Rac1 Qb8 13. Nd2 Rc8 14. h3 Bf8 15.
Rfd1 Bc6 16. Qe3 Ra7 17. Nf3 Ba8 18. Nd4 Re8 19. Qd2 g6 20. Kh2 Bg7 $13 {
Garcia Padron,J-Suba,M/Las Palmas/1979/0:1/41/}) (12. Nd2 Qc7 (12... Bc6 $5 13.
a4 Qb8 14. Rfe1 Re8 15. h3 Bf8 16. Qd3 Ra7 $1 17. Re3 Rd8 $1 18. Qe2 Ba8 19.
Re1 Nc5 20. Nd1 Nfd7 $13 {Kortschnoj,V-Browne,W/Chicago/1982/1/2-1/2/54/}) 13.
Rac1 Rfd8 (13... Rac8 14. h3 Rfe8 15. Qd3 Qb8 16. a4 Nc5 17. Qe2 Qa8 18. Rcd1
Rcd8 19. Rfe1 $13 {Polugaevsky,L-Langeweg,K/Amsterdam/1981/1/2-1/2/}) 14. h3
Bf8 15. b4 Rac8 16. a3 Qb8 17. f4 Bc6 18. Rc2 e5 $1 19. Qd3 b5 $1 $13 {
Polugaevsky,L-Gheorghiu,F/Moscow/1981/1/2-1/2/25/}) (12. Qe3 Qc7 (12... Qb8 13.
Nd4 Re8 14. Rae1 Ra7 15. Qd2 Ba8 16. Kh1 h6 17. f4 Rc8 18. Re2 Nc5 19. Rfe1 Bf8
20. Qd1 $1 Rac7 21. Re3 Rd8 22. Qe2 {Timman,J-Portisch,L/Tilburg/1979/1:0/41/}
Bb7 $1 $14 {Timman}) 13. Nd4 Rfe8 14. Qd2 Rad8 15. Rfe1 Bf8 16. Re2 Qb8 17.
Rae1 Ba8 18. Qd1 g6 $13 {Nikolic,P-Cebalo,M/Banja Luka/1981/0:1/54/}) (12. Rad1
Qc7 13. Qe3 Rfe8 14. Nd4 Bf8 15. Qd2 Rac8 16. h3 Qb8 17. Kh2 Nc5 18. Rfe1 Qa8
19. f3 g6 20. Nde2 Bg7 $13 {Georges,S-Suba,M/Lyon/1990/0:1/32/}) 12... Qc7 13.
Rac1 (13. h3 Rfe8 14. Rac1 Rac8 15. Qe3 Bf8 16. Nd4 Qb8 17. Re1 g6 18. Rcd1 Bg7
$13 {Tisdall,J-Adams,M/London/1990/1/2-1/2/39/}) (13. Qe3 Rfe8 14. Rac1 (14.
Nd4 Bf8 15. Rac1 Rad8 16. h3 Qb8 17. Re1 g6 18. Rcd1 Ba8 19. Qd2 Bg7 20. Qc2
Rc8 21. Qb1 Bb7 22. Re2 Rcd8 23. Red2 Ba8 24. Re2 Nc5 25. Rde1 Nfd7 $13 {
Polugaevsky,L-Williams,A/Buenos Aires ol/1978/1/2-1/2/54/}) 14... Bf8 15. Nd4
Rad8 16. Re1 Qb8 17. Qe2 g6 18. Rcd1 Bg7 19. Qc2 Nc5 20. Kh1 Qa8 21. f3 Qb8 22.
Qf2 Ba8 23. Ba1 $13 {Karpov,An-Ribli,Z/Linares/1981/1/2-1/2/23/}) 13... Rad8 (
13... Rac8 14. Qe3 Rfe8 15. Nd4 Qb8 16. Re1 Bf8 17. Qd2 Qa8 18. f3 Qb8 19. Qe2
g6 20. Rcd1 Bg7 21. Nc2 Red8 22. Ne3 Bc6 23. Bf1 h5 24. Ba1 Ne5 $13 {Arbakov,
V-Brodskij,M/Smolensk/1991/0:1/60/}) 14. h3 Rfe8 15. Kh2 $2 {>< Kh2 (/^ h2-b8)}
(15. Nd2 $5 $13) (15. Qe3 $1 $13 {/\ Nd4}) 15... Nc5 $1 {>< e4} 16. Ne1 $6 (16.
Re1 $2 e5 $1 17. Qe3 Ncxe4 (17... Nfxe4 $6 18. Nd5 {/\ b4}) 18. Nd5 Qc5 19.
Nxb6 Nxf2 20. Qxc5 dxc5 21. Nxe5 Bxg2 22. Kxg2 Rd2 23. Bc3 Rxa2 $17) (16. e5 $2
Bxf3 17. Bxf3 dxe5 $17) (16. Nd2 $5 $13 {/\ b4}) 16... h5 $1 $15 17. Qe3 $2 (
17. f4 h4 18. gxh4 (18. g4 e5 $1 $15) 18... e5 19. fxe5 dxe5 20. Qe3 Rxd1 21.
Rxd1 Ne6 22. Nd5 Nxd5 23. cxd5 Nf4 $15) (17. h4 $2 e5 $1 18. Qd2 $8 Ncxe4 19.
Nd5 Qb8 $19) (17. Kg1 $5 h4 18. g4 Qb8 $15 {>< f4}) 17... h4 $1 18. Kh1 (18.
gxh4 $2 Ncxe4 $1 $17 19. Nxe4 Nxe4 20. Bxe4 Bxe4 21. Qxe4 $2 d5+ 22. Be5 Bd6
$19) 18... hxg3 19. fxg3 Nh7 {>< e5,e4,g3} 20. Nf3 Bf6 21. Rc2 Qb8 22. g4 $2 {
>< h4,f4} (22. Re1 $5 $15) 22... Qa8 23. Nd4 $6 (23. Re1 $142) 23... d5 $1 $17
24. e5 Bg5 25. Qe2 dxc4 26. Qxc4 Bxg2+ 27. Rxg2 Nf8 $1 {/\ Ng6 >< g2,e5} 28. b4
$6 (28. Qf1 $5 $17 {/\ Nf3}) 28... Ncd7 $19 29. Qc6 (29. Re1 Ng6 $19) 29...
Nxe5 30. Qxa8 (30. Qxb6 Nc4 31. Qc6 Rxd4 $1 $19) 30... Rxa8 31. Ne4 Be7 32.
Nxe6 (32. a3 Nc4 $19) 32... Nxe6 33. Bxe5 Bxb4 34. Bd6 $2 (34. Bg3 $142 $19)
34... Rad8 35. Rb2 Nc5 $1 36. Nxc5 (36. Rxb4 Nxe4 $19) (36. Nf6+ gxf6 37. Rxb4
Ne4 $19) (36. Ng3 a5 $19) 36... bxc5 37. Rb3 $2 (37. Rbb1 $142 Re2 $19) 37...
Re6 38. a3 (38. Rbd3 c4 $19) 38... Rexd6 39. Rxd6 Rxd6 40. axb4 Rb6 0-1

[Event "FIDE-Wch k.o."]
[Site "Moscow"]
[Date "2001.12.01"]
[Round "3.1"]
[White "Gelfand, Boris"]
[Black "Delchev, Aleksander"]
[Result "1-0"]
[WhiteElo "2701"]
[BlackElo "2634"]
[Annotator "Gelfand,B"]
[PlyCount "63"]
[EventDate "2001.11.27"]
[EventType "k.o."]
[EventRounds "7"]
[EventCountry "RUS"]
[SourceTitle "CBM 086"]
[Source "ChessBase"]
[SourceDate "2002.02.05"]
[SourceVersion "1"]
[SourceVersionDate "2002.02.05"]
[SourceQuality "1"]

1. Nf3 {Tsesarsky,I} Nf6 2. c4 e6 3. Nc3 d5 4. d4 c5 5. cxd5 Nxd5 6. g3 {
Tsesarsky,I: 'In my opinion, Black equalizes easily after this move, but '} ({
Also in another mainline is is not easy for White recieve advantage.
Nevertheless, this way can be recommended, because in other hand, White
recieves strong center and better chances for advantage, than in 6.g3
variation.} 6. e4 $5 {Tsesarsky,I}) 6... Nc6 7. Bg2 cxd4 (7... Ndb4 $1 $11 {
(Tsesarsky,I) -see commented game 1/2-1/2 Stefansson,H-Macieja,B/Paget Parish
2001/CBM 81_01[Tsesarsky,I] (19) Maybe Gelfand prepared something?}) 8. Nxd4
Ndb4 ({Here can be recommended} 8... Nxc3 $1 {Tsesarsky,I} 9. bxc3 Nxd4 10.
Qxd4 (10. cxd4 {Tsesarsky,I} Bb4+ 11. Bd2 Qxd4 $11) 10... Qxd4 11. cxd4 Bb4+
12. Bd2 Bxd2+ 13. Kxd2 Ke7 $11 {-see commented games 0-1 Huzman,A-Psakhis,L/
Haifa 2000/CBM 74 ext[Psakhis,L] (39) and 1/2-1/2 Psakhis,L-Zilberman,Y/Ramat
Aviv 1998/CBM 68 [Tsesarsky,I](33)} ({Also worth of attention} 13... Kd8 $5 $11
{[%cal Gh8e8,Ge8e7] Tsesarsky,I})) 9. Nxc6 $1 $146 ({in the game where first
time was played 8...Ndb4 White played:} 9. Ndb5 {Tsesarsky,I} a6 10. Qxd8+ Kxd8
11. Na3 e5 12. O-O Be6 13. Be3 Kc7 14. b3 (14. f4 $5 {Tsesarsky,I}) 14... Rc8
15. Rfc1 Kb8 16. Nc4 Nd4 17. Bxd4 $1 (17. Rab1 $6 {Tsesarsky,I} Bxc4 18. bxc4
Rxc4 19. Bd2 (19. Bxd4 {Tsesarsky,I} exd4 20. Nd5 Rxc1+ 21. Rxc1 Nxa2 $17)
19... b5 20. Kf1 (20. e3 {Tsesarsky,I} Nxa2 21. Nxa2 Ne2+ 22. Kf1 Nxc1 23. Nxc1
$15) 20... Be7 21. Rd1 Rd8 22. a4 Ndc2 23. axb5 Rcd4 24. Ne4 f5 25. e3 R4d5 26.
bxa6 fxe4 27. Ke2 Na3 28. Ra1 Nbc2 $17 {1-0 Anand,V-Krasenkow,M/Madrid 1998/
CBM 65 (44)}) 17... exd4 18. Ne4 h6 $11) 9... Qxd1+ 10. Kxd1 Nxc6 (10... bxc6
$142 $14) 11. Be3 (11. Nb5 $1 Kd8 12. Be3 Bd7 13. Rc1 $16 (13. Kc1 {Tsesarsky,I
} Rc8 14. Kb1 a6 15. Bb6+ Ke7 16. Bc5+ Kf6 17. Bxf8 Rhxf8 18. Nd6 Rc7 $11))
11... Bd7 12. Rc1 Be7 13. Kc2 O-O 14. Rhd1 (14. Kb1 Rfd8) 14... Rfd8 15. Kb1
Na5 (15... Rac8 16. Nb5 a6 17. Nd6 Bxd6 18. Rxd6 e5 19. Be4 $14) 16. Bf3 $3 (
16. h4 Bc6 17. Rxd8+ Rxd8 18. Bxc6 Nxc6 $14) (16. Ne4 Bb5 17. Rxd8+ Rxd8 18.
Bc5 Kf8 19. Bxe7+ Kxe7 20. Rc5 a6 21. Nc3 Bc6 {1/2-1/2 Keres,P-Kortschnoj,V/
URS-chT 1963}) 16... Bc6 (16... Nc4 17. Bf4 (17. Bd4 {Tsesarsky,I} a6 18. Ka1
$1 {[%csl Rb7][%cal Gb2b3,Gf3b7]} Be8 (18... Bc6 $2 {Tsesarsky,I} 19. Bxc6 bxc6
20. Na4 $16) 19. b3 Nd6 20. Bb6 Rdc8 $11)) (16... Kf8 17. Ne4 $16) (16... Be8
17. Rxd8) (16... f5 17. g4 Bc6 18. gxf5 Bxf3 19. exf3 exf5 20. Rxd8+ Bxd8 21.
Nb5 $16) 17. Rxd8+ Bxd8 (17... Rxd8 18. Bxa7 Bxf3 19. exf3) 18. Ne4 Be7 (18...
Bd5 19. Nd6 Bxf3 20. exf3 $16) 19. Bc5 $1 $16 (19. Nc5 Bxf3 20. exf3 Bxc5 21.
Rxc5 Nc6 $11) (19. Bd2 f5 20. Nc5 Bxf3 21. exf3 Bxc5 22. Rxc5 Nc6 $11) 19...
Bxc5 (19... Kf8 20. b4) (19... f5 $142 20. Bxe7 fxe4 21. Bg4 Bd5 22. Rc7 Nc6
23. Bc5 $16) 20. Rxc5 f5 {'+/-?' Tsesarsky,I.} (20... b6 21. Rc3 f5 (21... Bd5
$1 {Tsesarsky,I} 22. Rc7 Nc4 {[%csl Re4][%cal Gd5e4,Gc4d2]} 23. Kc2 Ne5 {
[%csl Rf3][%cal Ge5f3]} 24. Nd2 Nxf3 25. Nxf3 a5 26. Ne5 $14 {White has actve
pieces, but Black has maybe sufficient counterplay because of strong Bd5.}) (
21... Rc8 {Tsesarsky,I} 22. Nd6 Rd8 23. Bxc6 Rxd6 24. Bg2 $18 {[%csl Ra5,Rg8]
[%cal Gb2b4,Gc3c8]}) 22. Ng5 Bxf3 23. Nxf3) 21. Nd6 Bxf3 22. exf3 Rd8 (22... b6
23. Rc7 Rd8 24. Nc8 $16) 23. Rxa5 Rxd6 24. Rxa7 $18 Rd1+ 25. Kc2 Rf1 26. Rxb7
Rxf2+ 27. Kd3 Rxh2 (27... Rxf3+ 28. Ke2) 28. a4 Rh1 29. Rb3 Kf7 30. a5 Ra1 31.
Ra3 Rd1+ 32. Kc4 1-0

[Event "Bundesliga 9394"]
[Site "Germany"]
[Date "1994.04.17"]
[Round "13.2"]
[White "Glek, Igor Vladimirovich"]
[Black "Ftacnik, Lubomir"]
[Result "1-0"]
[WhiteElo "2590"]
[BlackElo "2565"]
[Annotator "Glek,I"]
[PlyCount "103"]
[EventDate "1993.11.06"]
[EventType "team-tourn"]
[EventRounds "15"]
[EventCountry "GER"]
[SourceTitle "CBM 040"]
[Source "ChessBase"]
[SourceDate "1994.06.01"]
[SourceVersion "1"]
[SourceVersionDate "1994.06.01"]
[SourceQuality "1"]
[WhiteTeam "Bochum"]
[BlackTeam "Hamburger SK"]
[WhiteTeamCountry "GER"]
[BlackTeamCountry "GER"]

1. c4 Nf6 2. Nc3 c5 3. Nf3 e6 4. g3 b6 5. Bg2 Bb7 6. O-O Be7 7. Re1 d6 (7... d5
8. cxd5 exd5 9. d4 O-O 10. Bf4 Nbd7 (10... Na6 $5 11. dxc5 bxc5 12. Nh4 $1 {
Kramnik,V-Ribli,Z/Groningen PCA/1993/})) 8. e4 a6 9. d4 cxd4 10. Nxd4 Qc7 11.
Be3 Nbd7 12. f4 Rc8 13. Bf2 $1 $146 (13. Rc1 Qb8 14. Qe2 Qa8 15. Bf2 Bd8 $13 {
Glek,I-Wahls,M/BL 9293/1993/}) 13... h5 $5 (13... Qb8 14. e5 $1) (13... O-O 14.
f5 $1 e5 15. Nd5 $1 $16) 14. h3 g6 15. Rc1 (15. e5 $5 dxe5 16. fxe5 Nh7 $1 17.
Nd5 $5 $13) 15... Qb8 16. Qe2 Qa8 17. b4 $5 (17. b3) (17. Nf3 {/\ Bd4, Ng5})
17... O-O (17... Kf8 $6 18. Nf3 (18. b5 $5)) 18. g4 $5 (18. Nf3) 18... hxg4 19.
hxg4 e5 $1 20. Nd5 $1 Bd8 (20... Nxd5 21. exd5 $16) (20... Rfe8 21. fxe5 dxe5 (
21... Nxd5 22. e6 $1 Nf4 23. Qf3 fxe6 24. Qxf4 Nf8 (24... e5 $2 25. Qh6) 25.
Rc3 $1 $40) 22. Nxe7+ Rxe7 23. Nb3 {/\ c5, Rcd1+/-()}) 21. g5 $1 (21. Nxf6+ $2
Nxf6 22. g5 Nh7 $132 (22... Nh5 $5)) 21... Nh5 (21... Nh7 $2 22. Qg4 $16) (
21... Nxd5 22. exd5 exf4 $5 (22... exd4 $6 23. Qg4 $1 {/\ Bd4, Qh4+-->} (23.
Bxd4 b5 $1 $13)) 23. Qg4 $1 (23. Nc6 $5) 23... Ne5 24. Rxe5 $1 dxe5 25. Rc3 $1
{/\ Rh3->}) 22. Qg4 Bxd5 23. cxd5 $1 Rxc1 24. Rxc1 Qb7 (24... Nxf4 $6 25. Qxd7
Bxg5 $8 (25... exd4 26. Rc8 $1) 26. Qg4 $16) 25. Nf5 $1 $16 Nxf4 26. Nxd6 Qb8
$1 (26... Qa7 27. Bf1 $16) 27. Rc6 $8 Qa7 28. Be3 $6 (28. Bf1 $1 Nb8 29. Rc2
$16 {^^()}) 28... Nb8 $1 29. Nc8 $1 Qb7 30. Rc2 Qd7 31. Qxd7 Nxd7 32. Kf1 $5 (
32. Bf1 Bxg5 33. Nxb6 Nf6 $132) 32... Kg7 (32... Bxg5 33. Nxb6 $16) (32... f5
$5) 33. d6 b5 34. Ne7 Bb6 35. Bxf4 $1 exf4 36. Nd5 Bd8 37. Nxf4 Bxg5 $2 $138 (
37... Ne5 $1 38. Rc7 $1 Kg8 39. Nd5 Bxg5 40. Ra7 $14) 38. Nd3 $1 $16 Rd8 39.
Rc7 Nb6 40. e5 Nc4 41. Bh3 (41. Bb7 $18) 41... Rh8 $5 (41... Kg8 42. Bc8 $18)
42. Be6 $18 Rh1+ 43. Kg2 Rd1 44. Rxf7+ Kh6 45. Nf2 Rd2 46. Bxc4 bxc4 47. Kf3
Bd8 48. Rc7 $1 Rd4 (48... Bxc7 49. dxc7 $18) 49. Ke3 Rd5 50. Ke4 Rd2 51. Ng4+
Kg5 52. Ne3 1-0

[Event "Bad Ragaz op"]
[Site "Bad Ragaz"]
[Date "1994.??.??"]
[Round "6"]
[White "Glek, Igor Vladimirovich"]
[Black "Lau, Ralf"]
[Result "1-0"]
[WhiteElo "2590"]
[BlackElo "2535"]
[Annotator "Glek,I"]
[PlyCount "89"]
[EventDate "1994.04.??"]
[EventType "swiss"]
[EventRounds "9"]
[EventCountry "SUI"]
[SourceTitle "CBM 040"]
[Source "ChessBase"]
[SourceDate "1994.06.01"]
[SourceVersion "1"]
[SourceVersionDate "1994.06.01"]
[SourceQuality "1"]

1. c4 c5 2. Nf3 Nf6 3. g3 b6 4. Bg2 Bb7 5. O-O e6 6. Nc3 a6 7. Re1 d6 8. e4 Qc7
9. d4 cxd4 10. Nxd4 Nbd7 11. Be3 (11. Nd5 $5) 11... Rc8 12. Rc1 Qb8 13. b3 Qa8
14. Bg5 $5 $146 (14. f3 Be7 15. g4 h6 $13 {Hjartarsson,J-Lau/BL/1992/}) 14...
Be7 (14... h6 15. Bxf6 Nxf6 16. Bh3 $1 $36) 15. Nd5 $1 Bd8 $1 (15... exd5 $2
16. exd5 $40) (15... Nxd5 $6 16. exd5 Bxg5 17. dxe6 (17. Nxe6 fxe6 18. Qh5+ Kd8
$1 (18... g6 $2 19. Rxe6+ Kf7 20. Qxg5 $16) 19. Qxg5+ Kc7 20. Rxe6 $44) 17...
O-O (17... Ne5 18. exf7+ Kxf7 19. Bxb7 Qxb7 20. Qh5+ $18) (17... Bxg2 18. exd7+
Kxd7 19. Qg4+ $18) (17... Nf6 18. exf7+ Kxf7 19. Nf5 $1 $40) (17... Bxc1 18.
exd7+ Kxd7 19. Qg4+ Kd8 20. Qxg7 $1 Bxg2 (20... Re8 21. Qf6+ $1 Kc7 22. Qxf7+
Kb8 23. Rxe8 Bxg2 24. Rxc8+ Kxc8 25. Qe8+ $18) 21. Qxf7 $3 Rc5 22. Qf6+ $1 $18)
18. exd7 Rcd8 (18... Bxg2 19. dxc8=Q Rxc8 20. Rc3 $18) 19. Bxb7 Qxb7 20. Rc3
Rxd7 21. Rd3 $16) 16. Bf4 (16. Bh3 $5 $36) 16... Ne5 (16... e5 $2 17. Nf5 $16)
17. Nxf6+ Bxf6 18. Nf3 $1 $14 Rd8 19. Qe2 Nxf3+ (19... O-O 20. Nxe5 dxe5 21.
Be3 $16) 20. Bxf3 Rd7 21. Rcd1 Be7 22. Rd3 O-O 23. Red1 Rfd8 24. Qe3 Qa7 25. e5
$5 (25. Qd2 $5 Qa8 $140 26. Qb4) 25... Bxf3 26. Qxf3 dxe5 27. Bxe5 Rxd3 28.
Rxd3 Rxd3 29. Qxd3 Qb7 30. b4 $1 f6 31. Bc3 g6 32. a4 Kf7 33. h4 $5 Qc6 34. b5
Qb7 (34... axb5 $142 35. axb5 (35. cxb5 $5) 35... Qd6 36. Qe4 $1 {/\ Bd4+/-} (
36. Qxd6 Bxd6 37. Bd4 Bc7 $14)) 35. Bd4 axb5 36. axb5 Qd7 37. Qe4 e5 $2 $138 (
37... Qc7 38. Be3 $16 {xb6}) 38. Bxb6 $18 Ke6 39. Be3 f5 40. Qc2 Qb7 41. Qb3 f4
42. gxf4 (42. c5+ $2 Qd5 $1 $10) 42... Qf3 43. c5+ Kf5 44. Qf7+ Kg4 45. Qe6+
1-0

[Event "Olympiad-23"]
[Site "Buenos Aires"]
[Date "1978.11.02"]
[Round "8"]
[White "Schmidt, Wlodzimierz"]
[Black "Gligoric, Svetozar"]
[Result "1/2-1/2"]
[WhiteElo "2505"]
[BlackElo "2565"]
[Annotator "Gligoric,S"]
[PlyCount "108"]
[EventDate "1978.10.25"]
[EventType "team-swiss"]
[EventRounds "14"]
[EventCountry "ARG"]
[SourceTitle "EXT 2000"]
[Source "ChessBase"]
[SourceDate "1999.11.16"]
[SourceVersion "1"]
[SourceVersionDate "1999.11.16"]
[SourceQuality "1"]
[WhiteTeam "Poland"]
[BlackTeam "Yugoslavia"]
[WhiteTeamCountry "POL"]
[BlackTeamCountry "YUG"]

{Inf.26/63} 1. Nf3 Nf6 2. c4 c5 3. Nc3 e6 4. g3 b6 5. Bg2 Bb7 6. O-O Be7 7. d4
cxd4 8. Qxd4 O-O 9. Rd1 d6 (9... Nc6 10. Qf4 Qb8 11. Qxb8 Raxb8 12. Bf4 Rbc8
13. Bd6 $16) 10. b3 Nbd7 11. Bb2 (11. Ba3 Nc5) (11. Nb5 d5) 11... a6 12. Ng5 (
12. Qe3) 12... Bxg2 13. Kxg2 Qc7 14. Nge4 Rfd8 15. f3 (15. Nxd6 $2 Nc5) 15...
Nc5 (15... Bf8 {- Inf.22/75}) 16. Rac1 Qb7 $11 17. Nxf6+ Bxf6 18. Qd2 d5 $1 19.
cxd5 exd5 20. e3 d4 21. exd4 Bxd4 (21... Rxd4 22. Qe2) 22. b4 (22. Ne2 Bf6)
22... Ne6 $15 23. Ne4 h6 24. Bxd4 Rxd4 25. Qc3 Rad8 26. Rxd4 Rxd4 27. Rc2 (27.
Qc8+ Qxc8 28. Rxc8+ Kh7) 27... Qd5 28. Rd2 Rxd2+ 29. Qxd2 Nd4 $1 {[/\ f5]} 30.
g4 a5 31. bxa5 bxa5 32. Kf2 Qc4 33. h4 a4 34. h5 a3 35. Nc3 Ne6 36. Ne4 Qc7 $17
37. Qd6 Qa7+ $1 38. Kg2 Qe3 39. Nf2 Qc3 40. Qb8+ Nf8 (40... Kh7 41. Qb1+) 41.
Qd6 Qb2 42. Qd5 g5 43. hxg6 Nxg6 44. Qc4 Qd2 45. Qc8+ $6 (45. Qb3 $1 $15) 45...
Kg7 46. Qc4 Nf4+ 47. Kg3 Ne2+ 48. Kg2 Qe1 $1 49. f4 Qd2 $1 (49... Qg1+ 50. Kf3)
50. Kf3 $6 (50. f5 $5) 50... Nd4+ 51. Ke4 (51. Kg3 Qe3+) (51. Kg2 Qxf4) 51...
Qxf2 $6 (51... Nc2 $1 $19) 52. Qxd4+ Qxd4+ 53. Kxd4 f5 54. gxf5 Kf6 (54... Kf6
55. Ke4 h5 56. Kf3 Kxf5 57. Kg3 Ke4 58. Kh4 Kxf4 59. Kxh5 Kg3 60. Kg5 Kf3 61.
Kh4 $1 Ke3 62. Kg4) 1/2-1/2

[Event "NED-chT 9900"]
[Site "Netherlands"]
[Date "2000.02.26"]
[Round "3"]
[White "Gurevich, Mikhail"]
[Black "Hoffmann, Michael"]
[Result "1-0"]
[WhiteElo "2694"]
[BlackElo "2452"]
[Annotator "Gurevich,M"]
[PlyCount "57"]
[EventDate "2000.02.05"]
[EventType "team-tourn"]
[EventRounds "9"]
[EventCountry "NED"]
[SourceTitle "CBM 074 Extra"]
[Source "ChessBase"]
[SourceDate "2000.03.10"]
[SourceVersion "2"]
[SourceVersionDate "2000.03.10"]
[SourceQuality "1"]
[WhiteTeam "Breda Panfox"]
[BlackTeam "Enschede Braceland"]
[WhiteTeamCountry "NED"]
[BlackTeamCountry "NED"]

1. c4 Nf6 2. Nc3 c5 3. g3 e6 4. Nf3 b6 5. Bg2 Bb7 6. O-O Be7 7. Re1 a6 8. e4 d6
9. d4 cxd4 10. Nxd4 Qc7 11. Be3 O-O 12. Rc1 Nbd7 13. f4 h5 14. h3 Rfe8 15. g4
hxg4 16. hxg4 Nc5 17. Bf2 d5 $1 {TN} (17... e5 {[-70/(30)]}) 18. e5 (18. cxd5
Qxf4 $17) 18... Nfe4 19. Be3 (19. Nxe4 dxe4 20. Bf1 Rad8 $15) (19. cxd5 Nxf2
20. Kxf2 Bh4+ 21. Kg1 Bxe1 22. d6 Qd7 23. Qxe1 Bxg2 24. Kxg2 Nd3 $19) 19...
dxc4 (19... Nxc3 20. Rxc3 dxc4 21. Rxc4 Rac8 $11 22. b4 $2 Bxg2 23. Kxg2 Qb7+
$15) 20. Nxe4 Nxe4 21. Qc2 Nc5 22. Qxc4 Bxg2 $6 (22... Rac8 23. Qe2 Qd7 $11)
23. Kxg2 Qb7+ 24. Nf3 Red8 25. Bxc5 $1 Bxc5 (25... bxc5 {(/\26...Qxb2;26...Rd4)
} 26. Qe2 (26. Kg3 Qxb2 27. Rb1 Qa3 28. Rb7 Bh4+ $19) 26... Rd4 27. Kg3 Rb4 28.
b3 $14) 26. Kg3 Rd7 $6 (26... Rac8 27. Qe2 Bb4 28. Red1 $14) (26... Qd5 27. Qc2
$1 $14 Qxa2 28. Rh1 $40) 27. Rcd1 Rad8 28. Rxd7 $14 Rxd7 29. f5 $138 1-0

[Event "BCF-chT 9798 (4NCL)"]
[Site "England"]
[Date "1998.05.23"]
[Round "9.1"]
[White "Gurevich, Mikhail"]
[Black "Cummings, David H"]
[Result "1-0"]
[WhiteElo "2635"]
[BlackElo "2365"]
[Annotator "Gurevich,M"]
[PlyCount "81"]
[EventDate "1997.11.??"]
[EventType "team"]
[EventRounds "11"]
[EventCountry "ENG"]
[SourceTitle "CBM 064 Extra"]
[Source "ChessBase"]
[SourceDate "1998.07.07"]
[SourceVersion "1"]
[SourceVersionDate "1998.07.07"]
[SourceQuality "1"]
[WhiteTeam "Slough"]
[BlackTeam "SW Dragons"]
[WhiteTeamCountry "ENG"]
[BlackTeamCountry "ENG"]

1. c4 Nf6 2. Nc3 c5 3. g3 e6 4. Nf3 b6 5. Bg2 Bb7 6. O-O a6 7. Re1 Be7 8. e4 d6
9. d4 cxd4 10. Nxd4 Qc7 11. Be3 O-O 12. Rc1 Re8 13. g4 Bf8 14. g5 Nfd7 15. b3
Nc6 16. Ncb5 $5 {TN} (16. Nde2 Nc5 17. Ng3 Rad8 18. Bf1 Qb8 19. Qe2 Qa8 20. Bg2
Rc8 21. Red1 Red8 22. h4 g6 23. f4 Bg7 24. h5 Qb8 25. hxg6 hxg6 26. f5 d5 $132
{0-1 Namgilov,S-Ulibin,M/RUS-ch Elista (6) 1996 (47)}) 16... Qb8 (16... axb5
17. cxb5 $16) (16... Qc8 17. Nxc6 Qxc6 18. Qe2 $5 $14) 17. Nxc6 Bxc6 18. Nd4
Bb7 19. h4 g6 (19... b5 20. cxb5 axb5 21. Re2 b4 22. Nc6 $14) 20. Qd2 Ne5 {
/\21...Ng4} 21. Qe2 Nc6 $6 (21... Qc7 22. Red1 Rac8 {/\Qc7-b8-a8}) 22. Red1 Bg7
(22... Nxd4 23. Bxd4 b5 24. cxb5 axb5 25. Rc2 $14) 23. Qd2 Rd8 24. Ne2 $1 {><b6
} b5 25. cxb5 axb5 26. Nc3 Ba6 (26... b4 27. Na4 $14) 27. Nd5 $1 exd5 (27...
Bb7 28. Rxc6 exd5 (28... Bxc6 29. Ne7+ $18) 29. Rb6) 28. Rxc6 dxe4 29. Bxe4 $16
Bb7 30. Rb6 d5 31. Bg2 Qc8 32. Rxb5 Qd7 33. a4 Rac8 34. Bd4 Bf8 35. Qf4 Bg7 36.
Bxg7 Kxg7 37. Rb6 $18 Bc6 38. a5 Re8 39. b4 Re6 $2 $138 40. Qd4+ Kg8 41. Bh3
1-0

[Event "Hoogeveen Essent op"]
[Site "Hoogeveen"]
[Date "2006.10.28"]
[Round "9"]
[White "Gurevich, Mikhail"]
[Black "Bitalzadeh, Ali"]
[Result "1-0"]
[WhiteElo "2648"]
[BlackElo "2345"]
[Annotator "Gurevich,M"]
[PlyCount "109"]
[EventDate "2006.10.21"]
[EventType "swiss"]
[EventRounds "9"]
[EventCountry "NED"]
[SourceTitle "CBM 116"]
[Source "ChessBase"]
[SourceDate "2007.02.01"]
[SourceVersion "1"]
[SourceVersionDate "2007.02.01"]
[SourceQuality "1"]

1. Nf3 Nf6 2. c4 e6 3. Nc3 c5 4. g3 b6 5. Bg2 Bb7 6. O-O Be7 7. Re1 d6 (7... d5
8. cxd5 Nxd5 9. e4 Nb4 10. d4 cxd4 11. Nxd4 N8c6 12. Nxc6 Qxd1 13. Rxd1 Bxc6
14. Bf4 g5 15. Bd6 Rd8 16. e5 Bxd6 17. exd6 Bxg2 18. Kxg2 f5 19. Rac1 Kd7 20.
Nb5 Rc8 21. Rc7+ Rxc7 22. dxc7+ Nd5 23. Nxa7 Kxc7 24. Nb5+ Kd7 $11 {1/2-1/2
Gurevich,M-Adams,M/Asnieres sur Seine FRA 2006/The Week in Chess 600 (30)}) 8.
e4 Nbd7 9. d4 cxd4 10. Nxd4 Qc7 11. Ndb5 Qb8 12. f4 a6 (12... O-O 13. Be3 a6
14. Na3 Qc7 15. Rc1 Rad8 16. Nab1 Qb8 17. Nd2 Nc5 18. Bxc5 bxc5 19. Rc2 Nd7 {
1/2-1/2 Damljanovic,B-Kasparov,S/Frascati ITA 2006/The Week in Chess 595}) 13.
Nd4 Qc7 (13... O-O) 14. e5 dxe5 15. fxe5 Ng8 16. Bxb7 (16. Ne4 Nxe5 17. Bf4 Rd8
$2 (17... O-O-O $5) 18. Nxe6 $1 fxe6 19. Qh5+ $16 {1-0 Krivoshey,S-Belov,V/
playchess.com 2004/PowerBook2005 (24)}) 16... Qxb7 17. Bf4 Bc5 $5 {TN} (17...
Rc8 18. Qe2 (18. Qg4 $5) 18... g5 19. Bd2 Bc5 20. Qf2 Nh6 21. Bxg5 Nf5 22. Be3
{1-0 Nielsen,P-Belov,V/playchess.com INT 2004/PowerBook2005 (31)} Bxd4 $5 23.
Bxd4 Rxc4 24. Rad1 O-O $14) (17... g5 $5) 18. Ne4 Ne7 19. Nd6+ Bxd6 20. exd6
Ng6 21. Nf5 $5 O-O (21... Nxf4 22. gxf4 O-O 23. Ne7+ Kh8 24. Qd4 $14) 22. Ne7+
Nxe7 $6 (22... Kh8 $142 23. Nxg6+ hxg6 24. Qd4 Rae8 {(/\25...f6,26...e5<=>[+])}
) 23. dxe7 Rfe8 24. Bd6 Nf6 25. Qd4 b5 $5 {[xd5]} 26. b3 bxc4 27. bxc4 Qc6 $5 {
[/\28...Nd5]} 28. Re5 $5 (28. Ba3 $5 $14) 28... Nd5 {Diagram [#]} 29. Rxd5 $1
exd5 30. Qxd5 Rac8 $6 (30... Qxd5 $142 31. cxd5 f6 $5 32. Ba3 (32. Rb1 Kf7 33.
Kf2 Rac8 34. Rb2 Rc3 $13) 32... Kf7 33. Re1 (33. d6 Ke6 $13) (33. Rd1 Rxe7 $5
34. Bxe7 Kxe7 $11) 33... Rec8 $5 $13) 31. Qxc6 Rxc6 32. c5 $14 f6 33. Kf2 Kf7 {
[/\34...Rxe7;Kf7-e6]} 34. Re1 $1 Rcc8 (34... Rec8 35. Ke3 Rxc5 36. Bxc5 Rxc5
37. e8=Q+ $1 Kxe8 38. Kd4+ Re5 39. Rxe5+ fxe5+ 40. Kxe5 $16) 35. Re4 $1 {
[/\Kf2-e3-d4-d5]} Ra8 $5 {[/\Ra8-a7-e7]} (35... f5 36. Re5 Kf6 37. Ke3 $16) 36.
Ke3 Ra7 37. Ra4 $5 Rexe7+ 38. Bxe7 Kxe7 39. Kd4 $16 Ke6 40. Kc4 {[/\Ra4-a3-e3]}
Ra8 (40... Ke5 41. Ra3 Ke4 42. c6 $18) 41. Rb4 $5 h5 42. Rb6+ Ke5 43. Rb7 g5
44. Re7+ Kf5 45. c6 $18 Kg4 46. Kc5 f5 47. c7 h4 48. gxh4 Kxh4 49. Rh7+ Kg4 50.
Kb6 f4 51. Kb7 Rf8 52. c8=Q+ Rxc8 53. Kxc8 Kf3 54. Kb7 a5 55. a4 1-0